000 00822cam a22002651 4500
001 agr50000486
003 DLC
005 20260227111013.0
008 770525s1950 xx 000 0 eng c
010 _aagr50000486
015 _aGB50-12474
035 _a(OCoLC)2994519
040 _aU. S. Dept. of Agr. Libr.
_cODa
_dUk
_dDLC
042 _apremarc
050 0 0 _aSD551
_b.B87 1950
082 _a634.9285
100 1 _aBruce, Donald,
_d1884-
245 1 0 _aForest mensuration,
_cby Donald Bruce and Francis X. Schumacher.
250 _a3d ed.
260 _aNew York,
_bMcGraw-Hill,
_c1950.
300 _axvii, 483 p.
_billus.,
_c24 cm.
504 _a"Selected list of references": p. 455-456.
650 0 _aForests and forestry
_xMeasurement.
700 1 _aSchumacher, F. X.
_q(Francis Xavier),
_d1892-
_ejoint author.
999 _c11215
_d11215